000 01220nam0a22003131 4500
001 v19\rc\1795730
005 20260406013239.0
035 _a(NLR Aleph) 004892883
090 _a5290250
_c5290250
100 _a20061204d1905 |||y0rusy50 ca
101 0 _arus
102 _aRU
105 _ay z |||e|
200 1 _aЧто должна делать армия?
_e(Письмо к офицерам)
210 _aБ.м.
_d[1905]
215 _a7 с.
_d18
300 _aВ конце текста авт.: Е. Серебряков; в примеч.: Еснер [!] Александрович Серебряков
309 _aБез тит. л. и обл.
700 1 _8rus
_7ca
_aСеребряков
_bЕ. А.
_f1854-1921
_gЕспер Александрович
_3RU\NLR\AUTH\77118718
_9101643
790 1 _aСеребряков
_bЕ.А.
_f1854-1921
_gЕспер Александрович
790 1 _aСеребряков
_bЕ.[!] А.
_f1854-1921
_gЕснер [!] Александрович
801 0 _aRU
_bNLR
_gpsbo
801 0 _aRU
_bRuMoRGB
_2psbo
801 1 _aRU
_bProSoft-M
_2rusmarc
801 2 _aRU
_bNLR
_c20121227
_2rusmarc
852 _aNLR
_bВП
_j5084
899 _aRuMoRGB
_jФ 7-76/49
942 _cBOOK
980 _aNB